Länder am nächsten zu Finnland - Statistiken

Allgemein
  • Dieses Quiz wurde 221 mal gespielt
  • Das Durchschnittsergebnis liegt bei 18 aus 20
Antwortstatistiken
Km Land % Korrekt
718 Deutschland
100%
0 Norwegen
100%
0 Russland
100%
0 Schweden
100%
47 Estland
99%
213 Lettland
99%
378 Litauen
99%
603 Polen
98%
575 Dänemark
97%
470 Weißrussland
96%
1044 Tschechien
94%
879 Ukraine
93%
1071 Niederlande
90%
1153 Slowakei
89%
1256 Ungarn
89%
1315 Belgien
87%
1262 Österreich
85%
1306 Rumänien
83%
1106 Vereinigtes Königreich
76%
1291 Moldawien
74%
Keine übereinstimmenden Quizze gefunden
Verteilung der Resultate
Anzahl Personen mit jedem Resultat
Perzentil nach korrekt beantworteten Fragen
Ihre Resultats-Entwicklung
Sie haben dieses Quiz noch nicht gespielt